STN 64 0329 Materiály a predmety prichádzajúce do styku s poživatinami stanovenie obsahu vinylchloridu v poživatinách metódou plynovej chromatografie

Bibliographic Details
Format: Book
Language:Undetermined
Published: Bratislava Slovenský ústav technickej normalizácie 2002
Subjects:

MARC

LEADER 00000nam a2200000 a 4500
001 vtls001482625
003 SK-MaSNL
005 20260301122238.0
008 130607s2004 xo 0 und
035 |a SNK000437922 
040 |a SNK  |b slo  |c SNK  |e AACR2 
044 |a xo  |c SK 
245 1 |a STN 64 0329 Materiály a predmety prichádzajúce do styku s poživatinami  |b stanovenie obsahu vinylchloridu v poživatinách metódou plynovej chromatografie 
260 |a Bratislava  |b Slovenský ústav technickej normalizácie  |c 2002 
655 7 |a normy  |2 SNK  |9 70643 
999 |c 732239  |d 734169 
952 |t P60, <03>, [BOOK], {603}  |a SNK  |b SNK  |y PREZ  |7 0  |p 17A0444391  |o snkSTN 64 0329  |i snkN 4382/2004  |0 0  |1 0  |4 0  |d 2004-09-28  |l 0  |r 2005-01-02 00:00:00  |w 2026-02-23 
952 |t P66, <07>, [BOOK], {667}  |a SNK  |b SNK  |y PREZ  |7 0  |p 17A0444392  |o snkSTN 64 0329 D1  |i snkN 4383/2004  |0 0  |1 0  |4 0  |d 2004-09-28  |l 0  |r 2005-01-02 00:00:00  |w 2026-02-23